000 00522nam a22001932 4500
001 0000002712
005 20170406114435.0
008 140331s xx 000 0 eng d
020 _c$
040 _aYour Holding Symbol
_cYour Holding Symbol
100 1 _aAron Henry J.
245 1 0 _aHow taxes affect economic behavior.
250 _a ed.
260 _aWashington :
_bThe brookings institution,
_c1981.
300 _a456 p. ;
_c cm.
504 _aindex.
650 0 _ataxation.
908 _a140331
999 _c2598
_d2598